| LEADER 00000nam 2200000uu 4500 |
| 001 13399112598 |
| 003 BCNR |
| 008 110618s2553||||th 000 0 tha d |
| 020 9786161104740
|
| 041 0 tha
|
| 060 4 WF200^bค695 2553
|
| 245 00 คู่มือแนวทางการปฏิบัติงานเพื่อการป้องกันและควบคุมการแพร่กระจายเชื้อวัณโรคในโรงพยาบาล /^cกองบรรณาธิการ, สมควร หาญพัฒนชัยกูร ... [และคนอื่นๆ]
|
| 250 พิมพ์ครั้งที่ 1
|
| 260 นนทบุรี :^bสถาบันพระบรมราชชนก สำนักงานปลัดกระทรวงสาธารณสุข,^c2553
|
| 300 088 หน้า :^bภาพประกอบ ;^c23 ซม.
|
| 500 สนับสนุนโดย โครงการกองทุนโลกรอบที่ 8 (ด้านวัณโรค)
|
| 504 บรรณานุกรม : หน้า 66-68
|
| 650 7 วัณโรค^vคู่มือ
|
| 650 7 วัณโรค^xการป้องกันและควบคุม
|
| 650 7 เชื้อวัณโรค^xโรงพยาบาล
|
| 700 0 สมควร หาญพัฒนชัยกูร,^eบรรณาธิการ
|
| 700 0 สุพรรณ กาญจนเจตนี,^eบรรณาธิการ
|
| 700 0 พรรณทิพา แก้วมาตย์,^eบรรณาธิการ
|
| 700 0 เพชรมณี วิริยะสืบพงศ์,^eบรรณาธิการ
|
| 700 0 รุ้งระษี วิบูลชัย,^eบรรณาธิการ
|
| 700 0 กัลยรัตน์ ทินโทเม,^eบรรณาธิการ
|
| 710 2 สำนักงานปลัดกระทรวงสาธารณสุข. ^bสถาบันพระบรมราชชนก
|
| 999 ^aบรรณารักษ์
|